000 00777nam a22002177a 4500
005 20150526162504.0
008 140714b xxu||||| |||| 00| 0 Urdu d
010 _aUR-8978
020 _c20.00
_a9788184662306
035 _aU-7533
037 _bBPPD/Pub/Ven
040 _aDPL
_bUrdu
082 _a181.45
100 _aکا شی نا تھ ا پا د ھيا ۓ
245 _aپر م پا ر س گو رو رو يد ا س
_cکا شی نا تھ ا پا د ھيا ۓ
246 h _aParam Paras Gururavidas
_bBy Kashi Nath Upadhyay
260 _bRadhaswami Sathsang Beays
_c2013
_aPunjab
270 _aJ.C.Secretary Radha SoamiSatsang Beas Dera baba Jaimal Singh
_bPunjab
_k -
_e143204
300 _a271ص
_c22Cm (Hb)
942 _2ddc
_cUR
_e
_h181.45
_mک ا ش
999 _c93953
_d93953